00702cam a22002051 4500001001300000003000400013005001700017008004100034010001700075040001800092043002100110050002100131111006300152245006400215260010100279300001800380650006100398700002000459999001700479sa 68006689 DLC20260227112518.0710915s1955 ii 100 0 eng  asa 68006689  aDLCcDLCdDLC aa-ii---aa-pk---00aPK1708b.S2 19532 aSantiniketan Sahityamela,cShānti Niketan, India,d1953.10aBengali literature since independence.cEdited by Lila Ray. a[Santiniketan,bPublished for and on behalf of the Sahityamela by the Treasurer, S. Basu,c1955] a24 p.c25 cm. 0aBengali literaturey20th centuryxHistory and criticism.1 aRay, Lila,eed. c81450d81450